<?xml version="1.0" encoding="UTF-8"?>
<collection xmlns:xsi="http://www.w3.org/2001/XMLSchema-instance" xsi:schemaLocation="http://www.loc.gov/MARC21/slim http://www.loc.gov/standards/marcxml/schema/MARC21slim.xsd" xmlns="http://www.loc.gov/MARC21/slim">
 <record>
  <leader>00000ctm a22000003a 4500</leader>
  <controlfield tag="001">UP-1685594773861786999</controlfield>
  <controlfield tag="003">Buklod</controlfield>
  <controlfield tag="005">20100722130830.0</controlfield>
  <controlfield tag="006">a     r    |||| u|</controlfield>
  <controlfield tag="007">ta</controlfield>
  <controlfield tag="008">200524s2010    xx a    rbm  |||| u|eng d</controlfield>
  <datafield tag="035" ind1=" " ind2=" ">
   <subfield code="a">(iLib)UPBAG-00007725632</subfield>
  </datafield>
  <datafield tag="040" ind1=" " ind2=" ">
   <subfield code="a">BAG</subfield>
   <subfield code="e">rda</subfield>
  </datafield>
  <datafield tag="041" ind1="0" ind2=" ">
   <subfield code="a">eng</subfield>
  </datafield>
  <datafield tag="090" ind1=" " ind2="0">
   <subfield code="a">Thesis</subfield>
  </datafield>
  <datafield tag="100" ind1="1" ind2=" ">
   <subfield code="a">Anga-angan, Melanie.</subfield>
   <subfield code="e">author.</subfield>
  </datafield>
  <datafield tag="245" ind1="1" ind2="0">
   <subfield code="a">Inside pages</subfield>
   <subfield code="b">a content analysis of stories on ancestral domain/land of Cordillera indigenous peoples by the Baguio press</subfield>
   <subfield code="c">Melanie Anga-angan, Wendy Atuban, Pearl Lovedyn Dacuag.</subfield>
  </datafield>
  <datafield tag="264" ind1=" " ind2="1">
   <subfield code="c">2010.</subfield>
  </datafield>
  <datafield tag="300" ind1=" " ind2=" ">
   <subfield code="a">52 leaves</subfield>
   <subfield code="b">color illustrations</subfield>
   <subfield code="c">29 cm</subfield>
  </datafield>
  <datafield tag="336" ind1=" " ind2=" ">
   <subfield code="a">text</subfield>
   <subfield code="2">rdacontent</subfield>
  </datafield>
  <datafield tag="337" ind1=" " ind2=" ">
   <subfield code="a">unmediated</subfield>
   <subfield code="2">rdamedia</subfield>
  </datafield>
  <datafield tag="338" ind1=" " ind2=" ">
   <subfield code="a">volume</subfield>
   <subfield code="2">rdacarrier</subfield>
  </datafield>
  <datafield tag="502" ind1=" " ind2=" ">
   <subfield code="a">Thesis (Bachelor of Arts in Communication) -- University of the Philippines Baguio, 2010.</subfield>
  </datafield>
  <datafield tag="504" ind1=" " ind2=" ">
   <subfield code="a">Includes bibliographical references (leaves 49-51)</subfield>
  </datafield>
  <datafield tag="520" ind1=" " ind2=" ">
   <subfield code="a">This study is a content analysis of stories published by five Baguio newspapers- Baguio Midland Courier, Baguio Reporter, Cordillera Today, Northern Dispatch Weekly and Pulso ng Bayan - about the ancestral domain/land of the indigenous peoples in the Cordillera. This research examined 85 articles(news stories, opinions/columns, features, and investigative reports) published from April to July 2009- April being month when the Cordillera region was founded and July being the month when the Cordillera Administrative Region was established. The study analyzed and described how the five Baguio newspapers presented ancestral domain/land issues of the IPs in the Cordillera. The research found that the five newspapers had been objective in their reportage of the AD/L issues of the indigenous peoples by not giving a more comprehensive and extensive reporting of the issues. Most of the stories went unexplained- the indigenous peoples are underrepresented in the stories; only advocacy newspapers managed to report extensively on the issue. The research used Gerbner's concepts of &quot;all news are views&quot;, &quot;no fundamentally non-apolitical, non-ideological, non partisan news gathering and reporting system&quot;, and &quot;public message system&quot; -- Author's abstract.</subfield>
  </datafield>
  <datafield tag="650" ind1=" " ind2="0">
   <subfield code="a">Indigenous peoples</subfield>
   <subfield code="z">Philippines</subfield>
   <subfield code="z">Baguio City</subfield>
   <subfield code="x">In mass media.</subfield>
  </datafield>
  <datafield tag="650" ind1=" " ind2="0">
   <subfield code="a">Indigenous peoples and mass media</subfield>
   <subfield code="z">Philippines</subfield>
   <subfield code="z">Baguio City.</subfield>
  </datafield>
  <datafield tag="650" ind1=" " ind2="0">
   <subfield code="a">Newspapers</subfield>
   <subfield code="x">Sections, colums, etc.</subfield>
  </datafield>
  <datafield tag="700" ind1="1" ind2=" ">
   <subfield code="a">Atuban, Wendy</subfield>
   <subfield code="e">author.</subfield>
  </datafield>
  <datafield tag="700" ind1="1" ind2=" ">
   <subfield code="a">Dacuag, Lovedyn</subfield>
   <subfield code="e">author.</subfield>
  </datafield>
  <datafield tag="905" ind1=" " ind2=" ">
   <subfield code="a">UP</subfield>
  </datafield>
  <datafield tag="852" ind1="0" ind2=" ">
   <subfield code="a">UPBAG</subfield>
   <subfield code="b">UPBAG-MAIN</subfield>
   <subfield code="h">Thesis</subfield>
  </datafield>
  <datafield tag="942" ind1=" " ind2=" ">
   <subfield code="a">Thesis</subfield>
  </datafield>
 </record>
</collection>
